History Quiz

Random History or Art Quiz

Scenes from Ancient Roman Lamps I Quiz Stats

 Plays Quiz not verified by Sporcle

Score 0/16 Timer 05:00
0 Plays Today
% Correct
Dolphin
90.6%
Lion & Crocodile
90.1%
Rabbit
89.2%
Galley
88.7%
Camel
88.7%
Menorah
88.7%
Squid
86.8%
Owl
86.8%
% Correct
Chariot Race
84.4%
Chi-Rho
77.8%
Ulysses & Polyphemus
76.4%
Jupiter & Eagle
75.9%
Dioscuri
66.5%
Orpheus
65.1%
Gladiatrix
62.3%
Minerva
61.3%

You're not logged in!

Compare scores with friends on all Sporcle quizzes.
Join for Free
OR
Log In

You Might Also Like...

Show Comments

Extras

Top Quizzes Today


Score Distribution

Your Account Isn't Verified!

In order to create a playlist on Sporcle, you need to verify the email address you used during registration. Go to your Sporcle Settings to finish the process.

Report this User

Report this user for behavior that violates our Community Guidelines.

Details: